00264nam a2200097Ia 4500008004100000100001900041245005400060260002600114260000900140999001700149170620s9999 xx 000 0 und d aN. C. E. R. T. 0aFifth Survey of Education Research -1988-92 Vol-2 bNew Delhi- N.C.E.R.T. c2006 c24765d24765